Instituciones de derecho procesal civil colombiano : (Registro nro. 20450)

Detalles MARC
000 -LEADER
fixed length control field 01725nam a2200349 4500
001 - CONTROL NUMBER
control field 0000022036
003 - CONTROL NUMBER IDENTIFIER
control field CO-CtgCURN
005 - DATE AND TIME OF LATEST TRANSACTION
control field 20250516163635.0
007 - PHYSICAL DESCRIPTION FIXED FIELD--GENERAL INFORMATION
fixed length control field ta
008 - FIXED-LENGTH DATA ELEMENTS--GENERAL INFORMATION
fixed length control field 160627s2004 000 0 eng d
020 ## - INTERNATIONAL STANDARD BOOK NUMBER
International Standard Book Number 9583359246
040 ## - CATALOGING SOURCE
Original cataloging agency CO-CtgCURN
Language of cataloging spa
Transcribing agency coctgcurn
082 0# - DEWEY DECIMAL CLASSIFICATION NUMBER
Classification number 347.05
Item number L864i
100 1# - MAIN ENTRY--PERSONAL NAME
Personal name López Blanco, Hernan Fabio.
245 10 - TITLE STATEMENT
Title Instituciones de derecho procesal civil colombiano :
Remainder of title parte especial /
Statement of responsibility, etc. Hernan Fabio López Blanco.
250 ## - EDITION STATEMENT
Edition statement 8a ed.
256 ## - COMPUTER FILE CHARACTERISTICS
Computer file characteristics Procedimiento civil: parte especial.
260 ## - PUBLICATION, DISTRIBUTION, ETC.
Place of publication, distribution, etc. Bogotá :
Name of publisher, distributor, etc. Dupre,
Date of publication, distribution, etc. 2004.
300 ## - PHYSICAL DESCRIPTION
Extent v.2.
336 ## - CONTENT TYPE
Source rdacontent
337 ## - MEDIA TYPE
Source rdamedia
Media type term sin mediacion
Media type code n
338 ## - CARRIER TYPE
Source rdacarrier
Carrier type term volumen
Carrier type code nc
500 ## - GENERAL NOTE
General note Incluye indices.
504 ## - BIBLIOGRAPHY, ETC. NOTE
Bibliography, etc. note Incluye bibliografia (p. 961-966)
505 8# - FORMATTED CONTENTS NOTE
Formatted contents note De los procesos en particular -- De los procesos declarativos o de conocimiento -- Del proceso abreviado -- Del proceso verbal -- Del proceso verbal sumario -- Del proceso de expropiacion -- Del proceso de deslinde y amojonamiento -- De los procesos divisorios -- Las acciones populares y de grupo -- Del proceso de ejecucion -- De los procesos de liquidacion -- De los procesos de jurisdicción voluntaria -- Del proceso arbitral -- Del proceso para el cumplimiento de sentencias o laudos dictados en el extranjero o exequatur -- De las medidas cautelares y las cauciones
650 14 - SUBJECT ADDED ENTRY--TOPICAL TERM
Topical term or geographic name entry element Procedimiento civil
Geographic subdivision Colombia.
908 ## - PUT COMMAND PARAMETER (RLIN)
Put command parameter 160627
942 ## - ADDED ENTRY ELEMENTS (KOHA)
Koha item type Libros
Classification part 347.05
Item part L864i
Source of classification or shelving scheme Dewey Decimal Classification
Suppress in OPAC No
Existencias
Withdrawn status Lost status Source of classification or shelving scheme Damaged status Not for loan Collection Home library Current library Shelving location Date acquired Inventory number Total checkouts Full call number Barcode Date last seen Copy number Price effective from Koha item type Public note
    Dewey Decimal Classification     General Miguel Henríquez Castañeda Miguel Henríquez Castañeda General 03/31/2025 005867   347.05 L864i 005867 03/31/2025 v.2 ej.1 03/31/2025 Libros 340-DEREC
    Dewey Decimal Classification     General Miguel Henríquez Castañeda Miguel Henríquez Castañeda General 03/31/2025 005868   347.05 L864i 005868 03/31/2025 v.2 ej.2 03/31/2025 Libros 340-DEREC
    Dewey Decimal Classification     General Miguel Henríquez Castañeda Miguel Henríquez Castañeda General 03/31/2025 005869   347.05 L864i 005869 03/31/2025 v.2 ej.3 03/31/2025 Libros 340-DEREC